UM Logo

The revolt of the masses: (Record no. 4058)

MARC details
000 -LEADER
fixed length control field 00673nam a22001937a 4500
008 - FIXED-LENGTH DATA ELEMENTS--GENERAL INFORMATION
fixed length control field 160823b xxu||||| |||| 00| 0 eng d
020 ## - INTERNATIONAL STANDARD BOOK NUMBER
International Standard Book Number 9715420974
082 ## - DEWEY DECIMAL CLASSIFICATION NUMBER
Edition number 2005
Classification number DFil 959.906
Item number Ar3r
100 ## - MAIN ENTRY--PERSONAL NAME
9 (RLIN) 13510
Personal name Agoncillo, Teodoro A.
245 ## - TITLE STATEMENT
Title The revolt of the masses:
Remainder of title the story of Bonifacio and the Katipunan/
Statement of responsibility, etc. Teodoro A. Agoncillo
260 ## - PUBLICATION, DISTRIBUTION, ETC. (IMPRINT)
Place of publication, distribution, etc. Quezon City:
Name of publisher, distributor, etc. UP Press,
Date of publication, distribution, etc. ©2005.
300 ## - PHYSICAL DESCRIPTION
Extent 451 pages:
Other physical details illustrations;
Dimensions 23 cm.
500 ## - GENERAL NOTE
General note Includes index and appendices.
650 #0 - SUBJECT ADDED ENTRY--TOPICAL TERM
9 (RLIN) 13513
Topical term or geographic name as entry element Bonifacio, Andres, 1863-1897
650 #0 - SUBJECT ADDED ENTRY--TOPICAL TERM
9 (RLIN) 13518
Topical term or geographic name as entry element Katipunan (Philippines)
650 #0 - SUBJECT ADDED ENTRY--TOPICAL TERM
9 (RLIN) 13519
Topical term or geographic name as entry element Philippines -- History
365 ## - TRADE PRICE
Price amount 300.00
Currency code Php.
942 ## - ADDED ENTRY ELEMENTS (KOHA)
Source of classification or shelving scheme Dewey Decimal Classification
Koha item type Filipiniana
Holdings
Withdrawn status Lost status Source of classification or shelving scheme Damaged status Not for loan Collection code Home library Current library Date acquired Source of acquisition Total Checkouts Full call number Barcode Date last seen Cost, replacement price Price effective from Koha item type
    Dewey Decimal Classification     Filipiniana UM Digos College - LIC UM Digos College - LIC 09/14/2007 Purchased   DFil 959.906 Ar3r 2005 19249 05/15/2025 300.00 08/23/2016 Filipiniana